Zahraničné investovanie a zdaňovanie nadnárodných spoločností z pohľadu globalizácie
Globalizácia a jej sprievodné javy, vlny globalizácie, indexy globalizácie. Výhody a nevýhody globalizácie. Zahraničné investovanie. Rozdiely medzi priamymi zahraničnými investíciami a portfóliovými investíciami. Zdaňovanie nadnárodných spoločností.
Salvato in:
| Autore principale: | |
|---|---|
| Natura: | Capitolo di libro |
| Lingua: | slovacco |
| Soggetti: | |
| Tags: |
Nessun Tag, puoi essere il primo ad aggiungerne!!
|
MARC
| LEADER | 00000nla a2200000 4500 | ||
|---|---|---|---|
| 001 | 0225239 | ||
| 005 | 20240709085442.0 | ||
| 041 | 0 | |a slo | |
| 044 | |a SK | ||
| 245 | 1 | 0 | |a Zahraničné investovanie a zdaňovanie nadnárodných spoločností z pohľadu globalizácie |c Adela Feranecová |
| 520 | |a Globalizácia a jej sprievodné javy, vlny globalizácie, indexy globalizácie. Výhody a nevýhody globalizácie. Zahraničné investovanie. Rozdiely medzi priamymi zahraničnými investíciami a portfóliovými investíciami. Zdaňovanie nadnárodných spoločností. | ||
| 610 | 2 | 0 | |a globalizácia |
| 610 | 2 | 0 | |a globalizácia hospodárstva |
| 610 | 2 | 0 | |a investície priame zahraničné |
| 610 | 2 | 0 | |a investície v zahraničí |
| 610 | 2 | 0 | |a spoločnosti nadnárodné |
| 610 | 2 | 0 | |a zdaňovanie |
| 610 | 2 | 0 | |a podnikanie medzinárodné |
| 100 | 1 | |a Feranecová, Adela, 1986- | |